[Event "2. Bundesliga Ost 2019/2020"]
[Site "alle Wien"]
[Date "2019.10.20"]
[Round "2"]
[Board "3"]
[White "Newrkla, Katharina"]
[Black "Schneider-Zinner, Harald"]
[Result "0-1"]
[WhiteElo "2217"]
[BlackElo "2392"]
[PlyCount "64"]
[EventDate "2019.10.19"]
[EventType "team"]
[EventRounds "11"]
[EventCountry "AUT"]
[WhiteTeam "SK Austria Wien"]
[BlackTeam "mpimmo Wien - SK Ottakring"]

1. d4 Nf6 2. Bg5 d5 3. Bxf6 gxf6 4. c4 e5 5. e3 Bb4+ 6. Nc3 exd4 7. exd4 Qe7+
8. Qe2 dxc4 9. Qxe7+ Kxe7 10. Bxc4 Be6 11. d5 Bf5 12. Nf3 Nd7 13. Nd4 Bg6 14.
O-O-O f5 15. f4 Kf6 16. Be2 h5 17. h4 Bd6 18. g3 a6 19. Bd3 Rhg8 20. Rhf1 Bh7
21. Nde2 Nc5 22. Bc2 b5 23. b4 Ne4 24. Nxe4+ fxe4 25. Rd4 Rae8 26. Nc3 Rxg3 27.
Nxe4+ Bxe4 28. Bxe4 Rg4 29. Bd3 Rxh4 30. Kc2 Rh2+ 31. Kb3 Re3 32. a3 h4  0-1

[Event "2. Bundesliga Ost 2019/2020"]
[Site "alle Wien"]
[Date "2019.10.20"]
[Round "2"]
[Board "4"]
[White "Steindl, Johannes"]
[Black "Wagner, Gregor"]
[Result "1-0"]
[WhiteElo "2278"]
[BlackElo "2168"]
[PlyCount "93"]
[EventDate "2019.10.19"]
[EventType "team"]
[EventRounds "11"]
[EventCountry "AUT"]
[WhiteTeam "mpimmo Wien - SK Ottakring"]
[BlackTeam "SK Austria Wien"]

1. e4 e5 2. Nf3 Nc6 3. Bb5 a6 4. Ba4 Nf6 5. O-O Nxe4 6. d4 b5 7. Bb3 d5 8. dxe5
Be6 9. Nbd2 Be7 10. c3 Nc5 11. Bc2 d4 12. Nb3 d3 13. Bb1 Nxb3 14. axb3 Bf5 15.
Re1 O-O 16. Be3 Qd5 17. b4 a5 18. bxa5 Rxa5 19. Rxa5 Nxa5 20. Nd4 Bg6 21. Bxd3
Bxd3 22. Qxd3 Rb8 23. Qf5 Nc4 24. e6 Qxf5 25. Nxf5 Nxe3 26. Nxe7+ Kf8 27. Nc6
Rb6 28. e7+ Ke8 29. Nd4 Nc4 30. Nf5 Rg6 31. Ra1 Nb6 32. f3 Rf6 33. Nxg7+ Kxe7
34. Kf2 Kf8 35. Nh5 Rd6 36. Re1 Nc4 37. Re2 Rd1 38. Nf6 Rb1 39. b4 Rc1 40. g4
Rxc3 41. Re8+ Kg7 42. Nh5+ Kh6 43. Rg8 Rc2+ 44. Kg3 Ne3 45. Nf6 Nf1+ 46. Kf4
Rc4+ 47. Ke5  1-0

[Event "2. Bundesliga Ost 2019/2020"]
[Site "alle Wien"]
[Date "2019.10.20"]
[Round "2"]
[Board "5"]
[White "Iro, Christian"]
[Black "Higatsberger, Michael"]
[Result "1/2-1/2"]
[WhiteElo "2077"]
[BlackElo "2097"]
[PlyCount "88"]
[EventDate "2019.10.19"]
[EventType "team"]
[EventRounds "11"]
[EventCountry "AUT"]
[WhiteTeam "SK Austria Wien"]
[BlackTeam "mpimmo Wien - SK Ottakring"]

1. e4 e6 2. d4 d5 3. Nd2 Be7 4. Ngf3 Nf6 5. Bd3 c5 6. exd5 Qxd5 7. dxc5 Nbd7 8.
Nb3 Nxc5 9. Nxc5 Bxc5 10. O-O O-O 11. Qe2 Qh5 12. Bf4 b6 13. Ne5 Qxe2 14. Bxe2
Nd5 15. Bg3 f6 16. Nd3 Ba6 17. Rfe1 Be7 18. Bf3 Kf7 19. Nf4 Nxf4 20. Bxf4 Rac8
21. c3 Rfd8 22. Red1 Bc4 23. Bb7 Rxd1+ 24. Rxd1 Rd8 25. Rxd8 Bxd8 26. a3 e5 27.
Bd2 Be7 28. Be4 g6 29. Bc2 Ke6 30. b3 Be2 31. a4 f5 32. c4 f4 33. a5 Bc5 34.
axb6 axb6 35. Be4 Bd4 36. g3 fxg3 37. hxg3 Kf6 38. Kg2 Bd1 39. b4 Bb3 40. Bd3
e4 41. Bxe4 Bxc4 42. f4 Ke6 43. Kf3 b5 44. g4 Kd6  1/2-1/2

[Event "2. Bundesliga Ost 2019/2020"]
[Site "alle Wien"]
[Date "2019.10.20"]
[Round "2"]
[Board "6"]
[White "Mayrhuber, Tobias"]
[Black "Pernerstorfer, Johannes"]
[Result "1/2-1/2"]
[WhiteElo "2031"]
[BlackElo "2041"]
[PlyCount "64"]
[EventDate "2019.10.19"]
[EventType "team"]
[EventRounds "11"]
[EventCountry "AUT"]
[WhiteTeam "mpimmo Wien - SK Ottakring"]
[BlackTeam "SK Austria Wien"]

1. e4 c5 2. Nf3 Nc6 3. Bb5 Nd4 4. Nxd4 cxd4 5. O-O g6 6. d3 Bg7 7. Nd2 Nf6 8.
e5 Nd5 9. Nf3 O-O 10. Re1 d6 11. h3 Nb6 12. Bf4 dxe5 13. Bxe5 Be6 14. Bxg7 Kxg7
15. Bc4 Bxc4 16. dxc4 Nxc4 17. Qxd4+ Qxd4 18. Nxd4 e6 19. b3 Nd6 20. c4 a6 21.
Rac1 Rfd8 22. b4 Rac8 23. c5 Ne8 24. Red1 Rd5 25. Nb3 Nf6 26. Kf1 Rcd8 27. Rxd5
Rxd5 28. Na5 Rd7 29. a4 Rc7 30. Nb3 Nd5 31. b5 axb5 32. axb5 Kf6  1/2-1/2

[Event "2. Bundesliga Ost 2019/2020"]
[Site "alle Wien"]
[Date "2019.11.16"]
[Round "3"]
[Board "1"]
[White "Froewis, Georg"]
[Black "Schroll, Gerhard"]
[Result "1-0"]
[WhiteElo "2432"]
[BlackElo "2317"]
[PlyCount "53"]
[EventDate "2019.10.19"]
[EventType "team"]
[EventRounds "11"]
[EventCountry "AUT"]
[WhiteTeam "mpimmo Wien - SK Ottakring"]
[BlackTeam "ASVOE Mattersburg"]

1. Nf3 Nf6 2. c4 e6 3. g3 d5 4. d4 Bb4+ 5. Nc3 O-O 6. Bg2 c5 7. cxd5 Nxd5 8.
Bd2 cxd4 9. Nxd5 Bxd2+ 10. Qxd2 Qxd5 11. Qxd4 Qa5+ 12. Qd2 Qb6 13. O-O Nc6 14.
Rfd1 e5 15. Qc3 Bg4 16. Nxe5 Nxe5 17. Qxe5 Rae8 18. Qd4 Rxe2 19. Qxb6 axb6 20.
Rd4 Be6 21. Rb4 Rd8 22. Rxb6 Rdd2 23. a4 Rxf2 24. Bxb7 g5 25. a5 Rxh2 26. a6
Bc8 27. Rd6  1-0

[Event "2. Bundesliga Ost 2019/2020"]
[Site "alle Wien"]
[Date "2019.11.16"]
[Round "3"]
[Board "2"]
[White "Jablonicky, Martin"]
[Black "Stohl, Igor"]
[Result "1/2-1/2"]
[WhiteElo "2333"]
[BlackElo "2487"]
[PlyCount "60"]
[EventDate "2019.10.19"]
[EventType "team"]
[EventRounds "11"]
[EventCountry "AUT"]
[WhiteTeam "ASVOE Mattersburg"]
[BlackTeam "mpimmo Wien - SK Ottakring"]

1. e4 e5 2. Nf3 Nf6 3. Nxe5 d6 4. Nf3 Nxe4 5. Qe2 Qe7 6. d3 Nf6 7. Bg5 Qxe2+ 8.
Bxe2 Be7 9. Nc3 c6 10. O-O-O Na6 11. Rhe1 Nc7 12. h3 h6 13. Bd2 O-O 14. d4 Re8
15. Bd3 Be6 16. Ne2 Bf8 17. Nf4 Bd7 18. Rxe8 Rxe8 19. Re1 Rxe1+ 20. Nxe1 Ne6
21. c3 Nxf4 22. Bxf4 Be6 23. b3 Nd5 24. Bd2 g6 25. h4 Bg7 26. Nc2 Kf8 27. g3
Ke7 28. Ne3 Nxe3 29. Bxe3 d5 30. Bf4 h5  1/2-1/2

[Event "2. Bundesliga Ost 2019/2020"]
[Site "alle Wien"]
[Date "2019.11.16"]
[Round "3"]
[Board "3"]
[White "Peyrer, Konstantin"]
[Black "Petran, Peter"]
[Result "1/2-1/2"]
[WhiteElo "2286"]
[BlackElo "2242"]
[PlyCount "101"]
[EventDate "2019.10.19"]
[EventType "team"]
[EventRounds "11"]
[EventCountry "AUT"]
[WhiteTeam "mpimmo Wien - SK Ottakring"]
[BlackTeam "ASVOE Mattersburg"]

1. e4 g6 2. d4 Bg7 3. Nf3 d6 4. h3 Nf6 5. Bd3 O-O 6. O-O Nbd7 7. c3 e5 8. Re1
b6 9. Nbd2 Bb7 10. b3 Re8 11. Bb2 a6 12. Qc2 b5 13. dxe5 dxe5 14. Rad1 c6 15.
Bf1 Qb6 16. a4 Rad8 17. b4 c5 18. c4 bxa4 19. b5 Ra8 20. Ra1 Qc7 21. Rxa4 Nb6
22. Raa1 Nfd7 23. Bc3 Rec8 24. bxa6 Rxa6 25. Rxa6 Bxa6 26. Rb1 Ra8 27. Ba5 Qc6
28. Rb2 Bc8 29. Ra2 Nf8 30. Nb1 Ne6 31. Bxb6 Rxa2 32. Qxa2 Qxb6 33. Nc3 Qa6 34.
Qb3 Qb7 35. Qa4 Bd7 36. Qa5 f6 37. Nd5 Kf7 38. h4 Bf8 39. g3 Be7 40. Qd2 Bf8
41. Qa5 Be7 42. Nd2 Bc6 43. Qc3 Nd4 44. h5 Bf8 45. hxg6+ hxg6 46. Nf3 Qb3 47.
Nxd4 Qxc3 48. Nxc3 cxd4 49. Nd5 f5 50. Bd3 Bd7 51. f4  1/2-1/2

[Event "2. Bundesliga Ost 2019/2020"]
[Site "alle Wien"]
[Date "2019.11.16"]
[Round "3"]
[Board "4"]
[White "Brod, Manfred"]
[Black "Steindl, Johannes"]
[Result "1-0"]
[WhiteElo "2217"]
[BlackElo "2278"]
[PlyCount "111"]
[EventDate "2019.10.19"]
[EventType "team"]
[EventRounds "11"]
[EventCountry "AUT"]
[WhiteTeam "ASVOE Mattersburg"]
[BlackTeam "mpimmo Wien - SK Ottakring"]

1. e4 c5 2. Nf3 d6 3. d4 cxd4 4. Nxd4 Nf6 5. Nc3 a6 6. Be2 Nbd7 7. Be3 g6 8. g4
Nc5 9. f3 Bg7 10. g5 Nh5 11. Qd2 O-O 12. O-O-O Ne6 13. Bc4 Bd7 14. Nd5 b5 15.
Be2 Nc5 16. Nb3 Nxb3+ 17. cxb3 Bc6 18. Kb1 a5 19. Rc1 Bxd5 20. Qxd5 b4 21. f4
Qd7 22. f5 e6 23. Qd3 exf5 24. exf5 Rfe8 25. f6 Bf8 26. Bf3 Rad8 27. Bc6 Qh3
28. Bxe8 Rxe8 29. Rce1 Nf4 30. Qf1 Qf5+ 31. Ka1 Nd3 32. Re2 Qd5 33. Rg1 Nxb2
34. Rxb2 Rxe3 35. Qg2 Qe5 36. Rc1 d5 37. Kb1 d4 38. Rbc2 Rc3 39. Re2 Qf4 40.
Rf1 Qd6 41. Qa8 Re3 42. Rfe1 Qe5 43. Qg2 h6 44. h4 Qf5+ 45. Kb2 Qe5 46. Rxe3
dxe3+ 47. Kb1 Bc5 48. Qa8+ Kh7 49. Qb7 Qe6 50. Qf3 a4 51. Qd1 a3 52. Qc2 Bd4
53. h5 hxg5 54. hxg6+ fxg6 55. Rh1+ Kg8 56. Qxg6+  1-0

[Event "2. Bundesliga Ost 2019/2020"]
[Site "alle Wien"]
[Date "2019.11.16"]
[Round "3"]
[Board "5"]
[White "Steiner, Adam"]
[Black "Salamon, Werner"]
[Result "1-0"]
[WhiteElo "2215"]
[BlackElo "2149"]
[PlyCount "89"]
[EventDate "2019.10.19"]
[EventType "team"]
[EventRounds "11"]
[EventCountry "AUT"]
[WhiteTeam "mpimmo Wien - SK Ottakring"]
[BlackTeam "ASVOE Mattersburg"]

1. e4 e5 2. f4 Bc5 3. Nf3 d6 4. Nc3 Nc6 5. Bc4 Nf6 6. d3 a6 7. Nd5 Bg4 8. c3
O-O 9. f5 Nxd5 10. Bxd5 Kh8 11. h3 Bxf3 12. Qxf3 f6 13. g4 Ne7 14. Be6 Qe8 15.
h4 c6 16. g5 Ng8 17. Be3 Bxe3 18. Qxe3 Qh5 19. Kd2 Rad8 20. d4 d5 21. exd5 Ne7
22. dxc6 exd4 23. cxd4 Nxc6 24. d5 Ne5 25. Rac1 Qg4 26. b3 Qg2+ 27. Qe2 Qg3 28.
Kc2 Nf3 29. Kb1 Nd4 30. Qc4 Nb5 31. Qb4 Qd3+ 32. Ka1 a5 33. Qc4 Qxc4 34. bxc4
Nd4 35. Rhd1 Nf3 36. gxf6 gxf6 37. Rb1 Rb8 38. Rb5 b6 39. d6 Rfd8 40. d7 Kg7
41. c5 Ne5 42. Rg1+ Kf8 43. Rg8+ Ke7 44. Rg7+ Kf8 45. Rxh7  1-0

[Event "2. Bundesliga Ost 2019/2020"]
[Site "alle Wien"]
[Date "2019.11.16"]
[Round "3"]
[Board "6"]
[White "Wiedner, Robert"]
[Black "Mayrhuber, Nikola"]
[Result "0-1"]
[WhiteElo "2113"]
[BlackElo "2000"]
[PlyCount "108"]
[EventDate "2019.10.19"]
[EventType "team"]
[EventRounds "11"]
[EventCountry "AUT"]
[WhiteTeam "ASVOE Mattersburg"]
[BlackTeam "mpimmo Wien - SK Ottakring"]

1. d4 e6 2. Bf4 Nf6 3. e3 d5 4. c3 c5 5. Bd3 Nc6 6. Nd2 Qb6 7. Rb1 cxd4 8. exd4
Be7 9. Ngf3 Nh5 10. Be3 f5 11. Ne5 Nf6 12. O-O O-O 13. Ndf3 Ne4 14. Qc1 Bf6 15.
Bf4 Qd8 16. Re1 Bd7 17. Nxc6 Bxc6 18. Be5 a6 19. Bxf6 Rxf6 20. Ne5 Rc8 21. f3
Nd6 22. Qg5 Bb5 23. Bc2 Nf7 24. Nxf7 Kxf7 25. Re5 Rg6 26. Qh5 Kg8 27. Qh3 Qg5
28. Rbe1 Qd2 29. a4 Bc4 30. b3 Qxc2 31. bxc4 Qxc3 32. cxd5 Qxd4+ 33. Kf1 Qd3+
34. Kg1 Qd4+ 35. Kf1 Rc2 36. R5e2 Rxe2 37. Rxe2 Qd1+ 38. Kf2 Qd4+ 39. Kf1 Qd1+
40. Kf2 Qxd5 41. Qh4 e5 42. Qe7 Re6 43. Qb4 e4 44. Qc3 h6 45. g3 Kh7 46. a5 Rc6
47. fxe4 fxe4 48. Qe1 Rf6+ 49. Kg1 Qd4+ 50. Kg2 Re6 51. Re3 Re5 52. h4 Qd5 53.
Ra3 e3+ 54. Kh3 e2  0-1

[Event "2. Bundesliga Ost 2019/2020"]
[Site "alle Wien"]
[Date "2019.11.16"]
[Round "3"]
[Board "1"]
[White "Polak, Tomas"]
[Black "Pacher, Milan"]
[Result "1-0"]
[WhiteElo "2527"]
[BlackElo "2437"]
[PlyCount "99"]
[EventDate "2019.10.19"]
[EventType "team"]
[EventRounds "11"]
[EventCountry "AUT"]
[WhiteTeam "SK Hietzing"]
[BlackTeam "SK Austria Wien"]

1. d4 d5 2. c4 c6 3. Nc3 dxc4 4. e4 b5 5. a4 b4 6. Nce2 Nf6 7. Ng3 e5 8. Bxc4
exd4 9. Qb3 Be6 10. Bxe6 fxe6 11. Qxe6+ Qe7 12. Qc8+ Kf7 13. Nf3 c5 14. Bf4 Kg8
15. Bxb8 Nd7 16. Qb7 Rxb8 17. Qxa7 Re8 18. Qa6 Qe6 19. Qd3 Bd6 20. O-O Bxg3 21.
hxg3 Qxe4 22. Qb5 Qd5 23. Nxd4 Rb8 24. Qc6 Qxd4 25. Rad1 Qf6 26. Rd6 Qe5 27.
Rxd7 h5 28. Qd5+ Qxd5 29. Rxd5 h4 30. g4 b3 31. Rxc5 Rh6 32. Rfc1 Rd6 33. Rc8+
Rxc8 34. Rxc8+ Kf7 35. Rb8 Rd4 36. a5 Ra4 37. Kh2 Rxa5 38. Rxb3 g5 39. g3 hxg3+
40. Kxg3 Ra1 41. Rf3+ Kg6 42. Re3 Kf6 43. f3 Rb1 44. Re2 Kf7 45. f4 Kg6 46. Kf3
gxf4 47. Kxf4 Kf6 48. Rf2 Re1 49. Kg3+ Ke5 50. Kh4  1-0

[Event "2. Bundesliga Ost 2019/2020"]
[Site "alle Wien"]
[Date "2019.11.16"]
[Round "3"]
[Board "2"]
[White "Mazur, Stefan"]
[Black "Penz, Harald"]
[Result "1-0"]
[WhiteElo "2435"]
[BlackElo "2278"]
[PlyCount "47"]
[EventDate "2019.10.19"]
[EventType "team"]
[EventRounds "11"]
[EventCountry "AUT"]
[WhiteTeam "SK Austria Wien"]
[BlackTeam "SK Hietzing"]

1. e4 e5 2. Nf3 Nf6 3. Nxe5 d6 4. Nf3 Nxe4 5. d4 d5 6. Bd3 Nc6 7. O-O Be7 8.
Nc3 Nxc3 9. bxc3 O-O 10. Rb1 Na5 11. Ne5 g6 12. Bh6 Re8 13. f4 Bf8 14. Bxf8
Rxf8 15. f5 Nc6 16. Qf3 Nxe5 17. dxe5 c6 18. f6 Qa5 19. Qe3 Kh8 20. Rb4 Rg8 21.
Kh1 Qd8 22. Rh4 Qf8 23. Qg5 Be6 24. Rff4  1-0

[Event "2. Bundesliga Ost 2019/2020"]
[Site "alle Wien"]
[Date "2019.11.16"]
[Round "3"]
[Board "3"]
[White "Djeno, Drago"]
[Black "Macko, Miroslav"]
[Result "1-0"]
[WhiteElo "2322"]
[BlackElo "2303"]
[PlyCount "135"]
[EventDate "2019.10.19"]
[EventType "team"]
[EventRounds "11"]
[EventCountry "AUT"]
[WhiteTeam "SK Hietzing"]
[BlackTeam "SK Austria Wien"]

1. c4 e6 2. g3 d5 3. Nf3 Nf6 4. Bg2 Be7 5. O-O O-O 6. b3 Nbd7 7. d3 c6 8. Bb2
a5 9. a3 Qb6 10. Qc2 Rd8 11. Nbd2 Nc5 12. Bd4 Nfd7 13. b4 axb4 14. axb4 Rxa1
15. Rxa1 Qxb4 16. Bc3 Qb6 17. Ba5 Qa7 18. d4 b6 19. Bc3 Na6 20. e4 dxe4 21.
Nxe4 Qc7 22. Neg5 Nf8 23. Nxf7 Kxf7 24. Ne5+ Kg8 25. Nxc6 Rd6 26. d5 Bf6 27.
Bxf6 gxf6 28. Qb2 e5 29. f4 exf4 30. gxf4 Ng6 31. Qe2 Qd7 32. Qe3 Nc5 33. Ra8
Kf7 34. Ra7 Bb7 35. Bh3 Qe8 36. Be6+ Kg7 37. f5 Rxe6 38. fxe6 Kh8 39. Qxc5 bxc5
40. Rxb7 Nf8 41. e7 Nd7 42. d6 Kg7 43. Rb2 f5 44. Nd8 Kf6 45. Kf1 Ke5 46. Rd2
f4 47. Rd5+ Ke4 48. Ne6 Qa8 49. Rd1 Ke3 50. Re1+ Kd2 51. Re2+ Kd1 52. Nxf4 Qh1+
53. Kf2 Qxh2+ 54. Ng2 Nf6 55. d7 Ng4+ 56. Kf3 Qh3+ 57. Kf4 Nf6 58. d8=Q+ Kxe2
59. e8=Q+ Nxe8 60. Qxe8+ Kd3 61. Qe4+ Kc3 62. Ne3 Qh4+ 63. Ke5 Qg5+ 64. Kd6 h5
65. Qc2+ Kb4 66. Qb2+ Ka4 67. Qa2+ Kb4 68. Nd5+  1-0

[Event "2. Bundesliga Ost 2019/2020"]
[Site "alle Wien"]
[Date "2019.11.16"]
[Round "3"]
[Board "4"]
[White "Hangweyrer, Manfred"]
[Black "Mozny, Milos"]
[Result "1/2-1/2"]
[WhiteElo "2347"]
[BlackElo "2256"]
[PlyCount "57"]
[EventDate "2019.10.19"]
[EventType "team"]
[EventRounds "11"]
[EventCountry "AUT"]
[WhiteTeam "SK Austria Wien"]
[BlackTeam "SK Hietzing"]

1. Nf3 d5 2. d4 Nf6 3. e3 Bf5 4. c4 e6 5. Qb3 b6 6. Nc3 c6 7. Nh4 Bg6 8. g3 Be7
9. Nxg6 hxg6 10. Bg2 Nbd7 11. e4 dxe4 12. Nxe4 Nxe4 13. Bxe4 Rc8 14. Be3 c5 15.
Rd1 cxd4 16. Bxd4 Qc7 17. Bxg7 Rh7 18. Bc3 Nc5 19. Qc2 Nxe4 20. Qxe4 Qxc4 21.
Rd4 Qc6 22. Qxc6+ Rxc6 23. Rd3 Rh5 24. O-O Rd6 25. Rfd1 Rxd3 26. Rxd3 Rc5 27.
Kg2 Rc4 28. h4 b5 29. a3  1/2-1/2

[Event "2. Bundesliga Ost 2019/2020"]
[Site "alle Wien"]
[Date "2019.11.16"]
[Round "3"]
[Board "5"]
[White "Wagner, Leopold Franziskus"]
[Black "Newrkla, Katharina"]
[Result "1-0"]
[WhiteElo "2098"]
[BlackElo "2217"]
[PlyCount "119"]
[EventDate "2019.10.19"]
[EventType "team"]
[EventRounds "11"]
[EventCountry "AUT"]
[WhiteTeam "SK Hietzing"]
[BlackTeam "SK Austria Wien"]

1. e4 c5 2. Nf3 e6 3. d4 cxd4 4. Nxd4 Nc6 5. Be3 Nf6 6. Nc3 Bb4 7. f3 d5 8.
exd5 Nxd5 9. Nxc6 bxc6 10. Bd2 Nxc3 11. bxc3 Bc5 12. Bd3 O-O 13. Qe2 Qb6 14.
Qe4 f5 15. Qe5 Bf2+ 16. Ke2 Bh4 17. Be3 Qd8 18. Rhd1 Bf6 19. Qc5 Qe8 20. Kf1 e5
21. Bc4+ Kh8 22. Rd6 Be7 23. Qxe5 Bxd6 24. Qxd6 Rf6 25. Qf4 Be6 26. Bd3 Qd7 27.
Bd4 Rf7 28. h4 Kg8 29. h5 h6 30. Re1 Re8 31. c4 Qc7 32. Be5 Qd8 33. Qh2 Qa5 34.
Qg3 Qc5 35. Bd6 Qd4 36. Be5 Qc5 37. Bd6 Qd4 38. Be5 Qd8 39. Bf4 Qf6 40. Qh2
Rfe7 41. Be5 Qf7 42. c5 Bc4 43. f4 Rd7 44. Qh3 Qd5 45. Re3 Qxc5 46. Qxf5 Bxd3+
47. cxd3 Rb7 48. d4 Qc1+ 49. Re1 Qc4+ 50. Kg1 Qxa2 51. Kh2 Qf7 52. Qg4 Rf8 53.
Rc1 Qd5 54. Rc5 Qe4 55. Qe6+ Kh7 56. Rxc6 Rb2 57. Qg6+ Qxg6 58. hxg6+ Kg8 59.
Rc7 Re8 60. Rxg7+  1-0

[Event "2. Bundesliga Ost 2019/2020"]
[Site "alle Wien"]
[Date "2019.11.16"]
[Round "3"]
[Board "6"]
[White "Wiedermann, Franz"]
[Black "Janetschek, Karl"]
[Result "0-1"]
[WhiteElo "2114"]
[BlackElo "2236"]
[PlyCount "50"]
[EventDate "2019.10.19"]
[EventType "team"]
[EventRounds "11"]
[EventCountry "AUT"]
[WhiteTeam "SK Austria Wien"]
[BlackTeam "SK Hietzing"]

1. d4 d5 2. Nf3 c6 3. g3 Bf5 4. Bg2 e6 5. O-O Be7 6. b3 Nf6 7. Bb2 O-O 8. Nbd2
h6 9. c4 Nbd7 10. Ne5 Ne4 11. Nxd7 Qxd7 12. Nxe4 dxe4 13. f3 exf3 14. Bxf3 Bh3
15. Rf2 e5 16. e3 Bg5 17. Bc1 Bf6 18. Bb2 Bg5 19. Bc1 Rfe8 20. d5 e4 21. dxc6
Qxc6 22. Bg2 Bxg2 23. Kxg2 Rad8 24. Qf1 Rd3 25. Rxf7 Bf6  0-1

[Event "2. Bundesliga Ost 2019/2020"]
[Site "alle Wien"]
[Date "2019.11.16"]
[Round "3"]
[Board "1"]
[White "Rubil, Marko"]
[Black "Stanec, Nikolaus"]
[Result "1/2-1/2"]
[WhiteElo "2290"]
[BlackElo "2511"]
[PlyCount "142"]
[EventDate "2019.10.19"]
[EventType "team"]
[EventRounds "11"]
[EventCountry "AUT"]
[WhiteTeam "SK Advisory Invest Baden"]
[BlackTeam "SC Donaustadt"]

1. e4 c5 2. Nf3 d6 3. d4 cxd4 4. Nxd4 Nf6 5. Nc3 Nc6 6. Bg5 e6 7. Qd2 a6 8.
Nxc6 bxc6 9. O-O-O Be7 10. Bc4 d5 11. Bb3 O-O 12. Rhe1 h6 13. Bf4 a5 14. f3 Nd7
15. Ba4 Bb7 16. Be3 Nb6 17. Qf2 Nc4 18. Bc5 Bxc5 19. Qxc5 Qb6 20. Qxb6 Nxb6 21.
exd5 cxd5 22. Bb5 Rfc8 23. Na4 Nxa4 24. Bxa4 Ba6 25. Rd4 Rc4 26. Red1 Kf8 27.
Bb3 Rc5 28. Re1 Bb5 29. Ba4 Rc4 30. Rxc4 Bxc4 31. Re3 Rc8 32. Kd2 Ke7 33. Ra3
Rc5 34. c3 Kd6 35. Bd1 e5 36. Be2 Bxe2 37. Kxe2 Rb5 38. b3 f5 39. Ra4 g5 40. g3
Rc5 41. Kd2 Kc6 42. b4 axb4 43. cxb4 Rc4 44. a3 e4 45. Ra6+ Kd7 46. Rf6 Rd4+
47. Ke2 exf3+ 48. Kxf3 Rd3+ 49. Kf2 Rxa3 50. Rxf5 Ke6 51. Rf8 Rb3 52. Rh8 Rxb4
53. Rxh6+ Ke5 54. Rh5 Ke4 55. Rxg5 Rb2+ 56. Ke1 Rxh2 57. Rg8 d4 58. Ra8 Ke3 59.
Re8+ Kd3 60. g4 Rg2 61. Rg8 Re2+ 62. Kd1 Ra2 63. Ke1 Ra1+ 64. Kf2 Kc2 65. Rc8+
Kd2 66. Kf3 Rf1+ 67. Ke4 d3 68. Rd8 Re1+ 69. Kf5 Ke3 70. g5 d2 71. g6 d1=Q
 1/2-1/2

[Event "2. Bundesliga Ost 2019/2020"]
[Site "alle Wien"]
[Date "2019.11.16"]
[Round "3"]
[Board "2"]
[White "Sandhu, Mario"]
[Black "Unuk, Laura"]
[Result "1-0"]
[WhiteElo "2271"]
[BlackElo "2278"]
[PlyCount "59"]
[EventDate "2019.10.19"]
[EventType "team"]
[EventRounds "11"]
[EventCountry "AUT"]
[WhiteTeam "SC Donaustadt"]
[BlackTeam "SK Advisory Invest Baden"]

1. Nf3 Nf6 2. b3 e6 3. Bb2 b6 4. e3 Bb7 5. c4 Be7 6. g3 d5 7. Bg2 O-O 8. O-O c5
9. Ne5 Nc6 10. d4 cxd4 11. exd4 Rc8 12. Nd2 Rc7 13. Rc1 dxc4 14. Ndxc4 Qa8 15.
Ne3 Rd8 16. d5 exd5 17. Nf5 Bc5 18. Nxc6 Rxc6 19. b4 Bc8 20. Nxg7 Bf8 21. Nh5
Nxh5 22. Qxh5 Rg6 23. Rc7 Bg7 24. Bxg7 Kxg7 25. Qe5+ Kg8 26. Qe7 Be6 27. Re1
Re8 28. Rxa7 Qc6 29. Qc7 Qb5 30. Rxe6  1-0

[Event "2. Bundesliga Ost 2019/2020"]
[Site "alle Wien"]
[Date "2019.11.16"]
[Round "3"]
[Board "3"]
[White "Hrescak, Ivana"]
[Black "Schwab, Lukas"]
[Result "1/2-1/2"]
[WhiteElo "2226"]
[BlackElo "2166"]
[PlyCount "86"]
[EventDate "2019.10.19"]
[EventType "team"]
[EventRounds "11"]
[EventCountry "AUT"]
[WhiteTeam "SK Advisory Invest Baden"]
[BlackTeam "SC Donaustadt"]

1. d4 d5 2. c4 e6 3. Nc3 Nf6 4. cxd5 exd5 5. Bg5 c6 6. e3 Be7 7. Qc2 Nbd7 8.
Bd3 g6 9. Nge2 Nh5 10. Bxe7 Qxe7 11. Rc1 Nb6 12. O-O Be6 13. Na4 Nxa4 14. Qxa4
O-O 15. Qc2 Rfe8 16. Qd2 Ng7 17. Rc2 Bf5 18. Rfc1 Bxd3 19. Qxd3 Nf5 20. Nf4 Nd6
21. Qd1 Qg5 22. Nh3 Qf5 23. Qf3 Qxf3 24. gxf3 Kg7 25. Nf4 Re7 26. Nd3 Rae8 27.
Rc3 Nc4 28. b3 Nd6 29. Ne5 f6 30. Nd3 g5 31. Kg2 Kg6 32. Nc5 Nf5 33. Nd3 Nd6
34. Kg1 h6 35. Kg2 Nf5 36. h3 Rh8 37. a4 a6 38. Rb1 Nd6 39. Rc2 Ra8 40. Rbc1
Nf5 41. Rc3 Nh4+ 42. Kg3 Nf5+ 43. Kg2 Nh4+  1/2-1/2

[Event "2. Bundesliga Ost 2019/2020"]
[Site "alle Wien"]
[Date "2019.11.16"]
[Round "3"]
[Board "4"]
[White "Froewis, Annika"]
[Black "Dzierzenga, Stefan"]
[Result "1/2-1/2"]
[WhiteElo "2074"]
[BlackElo "2188"]
[PlyCount "67"]
[EventDate "2019.10.19"]
[EventType "team"]
[EventRounds "11"]
[EventCountry "AUT"]
[WhiteTeam "SC Donaustadt"]
[BlackTeam "SK Advisory Invest Baden"]

1. e4 g6 2. d4 Bg7 3. Nc3 c6 4. Be3 d5 5. Qd2 dxe4 6. Nxe4 Nd7 7. Bc4 Ngf6 8.
Nxf6+ Nxf6 9. f3 h6 10. Ne2 Nd5 11. Bf2 Be6 12. Bd3 Qd7 13. O-O O-O 14. c4 Nb6
15. Rac1 Bf5 16. Bxf5 Qxf5 17. Ng3 Qc8 18. Rfe1 Re8 19. Ne4 Nd7 20. Kh1 Kh7 21.
Bh4 Qc7 22. Rcd1 Rad8 23. Qb4 Nf6 24. Bg3 Qb6 25. Qxb6 axb6 26. Bc7 Ra8 27. a3
Ra4 28. Bxb6 Rxc4 29. Bc5 Rc2 30. Rd2 Rxd2 31. Nxd2 Nd7 32. Rxe7 Rxe7 33. Bxe7
Bxd4 34. b3  1/2-1/2

[Event "2. Bundesliga Ost 2019/2020"]
[Site "alle Wien"]
[Date "2019.11.16"]
[Round "3"]
[Board "5"]
[White "Trippold, Denise"]
[Black "Kropik, Martin"]
[Result "1/2-1/2"]
[WhiteElo "2180"]
[BlackElo "2093"]
[PlyCount "141"]
[EventDate "2019.10.19"]
[EventType "team"]
[EventRounds "11"]
[EventCountry "AUT"]
[WhiteTeam "SK Advisory Invest Baden"]
[BlackTeam "SC Donaustadt"]

1. d4 Nf6 2. Nf3 g6 3. c4 Bg7 4. Nc3 d5 5. cxd5 Nxd5 6. e4 Nxc3 7. bxc3 O-O 8.
Be3 c5 9. Qd2 Qa5 10. Rc1 cxd4 11. cxd4 Qxd2+ 12. Bxd2 Rd8 13. Bg5 f6 14. Be3
f5 15. Bc4+ Kf8 16. Ng5 Bxd4 17. Bxd4 Rxd4 18. Be6 Nd7 19. exf5 h6 20. Nf3 Rd6
21. O-O gxf5 22. Bxf5 Nb6 23. Be4 Nd5 24. Rfd1 Nf6 25. Bb1 Rxd1+ 26. Rxd1 Bg4
27. h3 Bxf3 28. gxf3 Rc8 29. Kg2 b5 30. Bf5 Rb8 31. Be6 a5 32. Kg3 a4 33. Kf4
b4 34. Rb1 Rb6 35. Ke5 Ke8 36. Bc4 Nd7+ 37. Kd4 Rd6+ 38. Ke3 Rb6 39. Kd4 Rd6+
40. Ke3 Rb6 41. Bd5 e6 42. Be4 Ke7 43. f4 b3 44. axb3 axb3 45. Bf3 b2 46. Bd1
Nf6 47. Kd4 Rb4+ 48. Kc3 Nd5+ 49. Kc2 Nxf4 50. h4 Nh3 51. Rxb2 Rxb2+ 52. Kxb2
Nxf2 53. Bf3 Kf6 54. Kc2 Ke5 55. Kd2 Kf4 56. Ke2 Ng4 57. Bc6 Nf6 58. Kf2 e5 59.
Bb7 Kg4 60. Ke3 Kxh4 61. Bf3 Kg5 62. Bb7 h5 63. Bc8 h4 64. Kf3 Ng4 65. Be6 h3
66. Kg3 h2 67. Kg2 Kf4 68. Bc8 e4 69. Ba6 Ke3 70. Bb7 Kd2 71. Bxe4  1/2-1/2